| 000 | 02220nam a22003257a 4500 | ||
|---|---|---|---|
| 005 | 20100804122956.0 | ||
| 010 | _aENG-98210 | ||
| 020 |
_a9788184351002 _c795.00 |
||
| 035 | _aEN-81743 | ||
| 035 | _aB-423480-486 | ||
| 037 | _bDBAD/PUB | ||
| 082 | _a305.4896540954 | ||
| 100 |
_aBarik, S. _930658 |
||
| 245 |
_aIndia's windows / _cby S. Barik |
||
| 260 |
_aNew Delhi _bAdhayan Publishers _c2010 |
||
| 270 |
_a4378/4B,105, J. M. D. House Lal Street Ansari Road Daryaganj _bNew Delhi _e110002 |
||
| 300 |
_a296 p. _b21cm (Hb) |
||
| 500 | _aIncludes index | ||
| 650 |
_aIndia _vWindows _930659 |
||
| 942 |
_2ddc _cEN _h305.4896540954 _mBAR |
||
| 999 |
_c39190 _d39190 |
||